Inštitucionálna podmienenosť ekonomického rozvoja

Inštitucionálny prístup k ekonomickému rozvoju. Vzťah ekonomickej výkonnosti a inštitucionálnej kvality vybraných krajín. Inštitucionálna konvergencia kohéznych ekonomík. Kľúčové výzvy v národných programoch reforiem v EÚ. Úroveň ľudského rozvoja a kvality inštitúcií v roku 2013.

Na minha lista:
Detalhes bibliográficos
Autor principal: Fifeková, Elena
Formato: Capítulo de Livro
Idioma:eslovaco
Assuntos:
Tags: Adicionar Tag
Sem tags, seja o primeiro a adicionar uma tag!

MARC

LEADER 00000nla a2200000 4500
001 0195794
005 20240502073306.5
041 0 |a slo 
044 |a SK 
245 1 0 |a Inštitucionálna podmienenosť ekonomického rozvoja  |c Elena Fifeková 
520 |a Inštitucionálny prístup k ekonomickému rozvoju. Vzťah ekonomickej výkonnosti a inštitucionálnej kvality vybraných krajín. Inštitucionálna konvergencia kohéznych ekonomík. Kľúčové výzvy v národných programoch reforiem v EÚ. Úroveň ľudského rozvoja a kvality inštitúcií v roku 2013. 
610 2 0 |a rozvoj hospodársky 
610 2 0 |a rast hospodársky 
610 2 0 |a výkonnosť ekonomiky 
610 2 0 |a riadenie 
610 2 0 |a kvalita 
610 2 0 |a Európska únia 
100 1 |a Fifeková, Elena